Identifikace procesů a jejich popis
Identifikácia a popis procesov vo firme. Pojmy procesy, procesný prístup, procesné riadenie. Teória procesov v širších súvislostiach. Definovanie systémov. Teória systémov. Definície procesov. Jednotlivé kroky popisu procesu.
Saved in:
| Main Author: | |
|---|---|
| Format: | Book Chapter |
| Language: | Czech |
| Subjects: | |
| Tags: |
No Tags, Be the first to tag this record!
|
MARC
| LEADER | 00000naa a2200000 4500 | ||
|---|---|---|---|
| 001 | r044786 | ||
| 005 | 20231002121528.2 | ||
| 041 | 0 | |a cze | |
| 044 | |a SK | ||
| 245 | 1 | 0 | |a Identifikace procesů a jejich popis |c Leoš Andrýsek |
| 520 | |a Identifikácia a popis procesov vo firme. Pojmy procesy, procesný prístup, procesné riadenie. Teória procesov v širších súvislostiach. Definovanie systémov. Teória systémov. Definície procesov. Jednotlivé kroky popisu procesu. | ||
| 610 | 2 | 0 | |a pojmy |
| 610 | 2 | 0 | |a riadenie procesné |
| 610 | 2 | 0 | |a reengineering |
| 610 | 2 | 0 | |a funkcie podniku |
| 610 | 2 | 0 | |a stratégia podniková |
| 610 | 2 | 0 | |a stratégia inovačná |
| 610 | 2 | 0 | |a metodológia |
| 610 | 2 | 0 | |a teória systémová |
| 100 | 1 | |a Andrýsek, Leoš | |